[Event "XXXV Festival Conca della Presolana Magistrale"]
[Site "Castione della Presolana ITA"]
[Date "2015.08.23"]
[Round "2"]
[White "Janev, Evgeni"]
[Black "Ranieri, Fabrizio"]
[WhiteElo "2409"]
[BlackElo "2256"]
[Result "0-1"]
[PlyCount "102"]
[EventDate "2015.08.22"]

1. e4 e6 2. Qe2 c5 3. Nf3 Nc6 4. g3 g6 5. Bg2 Bg7 6. O-O Nge7 7. d3 O-O 8. c3
e5 9. a3 d6 10. b4 h6 11. Nbd2 Be6 12. Rb1 b6 13. Bb2 a6 14. Rfd1 b5 15. Ba1
Qb6 16. Qe3 Qa7 17. bxc5 dxc5 18. Nb3 Bxb3 19. Rxb3 Rfd8 20. Rbb1 Na5 21. Bf1
Nec6 22. Be2 Qe7 23. Bb2 Nb3 24. Nd2 Nxd2 25. Rxd2 Rd7 26. Bc1 h5 27. Bd1 Rad8
28. Bc2 Kh7 29. Re2 Qf8 30. Qf3 Na5 31. g4 hxg4 32. Qxg4 c4 33. Re3 Kg8 34. Qh3
Bh6 35. d4 exd4 36. cxd4 Rxd4 37. e5 Nb3 38. e6 Rd1+ 39. Kg2 Bxe3 40. Bb2 Bd4
41. exf7+ Qxf7 42. Rxd1 Qxf2+ 43. Kh1 Re8 44. Bxd4 Nxd4 45. Bxg6 Re1+ 46. Rxe1
Qxe1+ 47. Kg2 Qd2+ 48. Kf1 Qe2+ 49. Kg1 Nf3+ 50. Kh1 Qe1+ 51. Kg2 Nh4+ 0-1

[Event "XXXV Festival Conca della Presolana Magistrale"]
[Site "Castione della Presolana ITA"]
[Date "2015.08.23"]
[Round "2"]
[White "Madiai, Federico"]
[Black "Lain, Luigi"]
[WhiteElo "2227"]
[BlackElo "2143"]
[Result "1-0"]
[PlyCount "63"]
[EventDate "2015.08.22"]

1. e4 e5 2. Nf3 Nc6 3. Bb5 Nge7 4. Nc3 g6 5. d4 Bg7 6. Bg5 h6 7. Bxe7 Qxe7 8.
Bxc6 bxc6 9. Nxe5 c5 10. Nd5 Qd8 11. Nf3 c6 12. Nc3 Qb6 13. Na4 Qa5+ 14. c3
cxd4 15. b4 Qd8 16. Nxd4 Ba6 17. f3 O-O 18. Kf2 Qh4+ 19. g3 Qh3 20. Qd2 f5 21.
Rae1 Rfe8 22. Nc5 fxe4 23. Rxe4 Rxe4 24. Nxe4 Bc4 25. Ke1 Bxd4 26. Qxd4 d5 27.
Nf6+ Kf7 28. Ng4 Re8+ 29. Kd1 Qg2 30. Nxh6+ Ke7 31. Re1+ Kd8 32. Nf7+ 1-0

[Event "XXXV Festival Conca della Presolana Magistrale"]
[Site "Castione della Presolana ITA"]
[Date "2015.08.23"]
[Round "2"]
[White "Orlov, Andrey"]
[Black "Qendro, Llambi"]
[WhiteElo "2489"]
[BlackElo "2338"]
[Result "1/2-1/2"]
[PlyCount "57"]
[EventDate "2015.08.22"]

1. e4 g6 2. d4 Bg7 3. Nc3 c6 4. f4 d5 5. e5 Nh6 6. Be3 Qb6 7. Na4 Qa5+ 8. c3
O-O 9. Nf3 Bg4 10. Be2 Nd7 11. b4 Qc7 12. h3 Bxf3 13. Bxf3 b5 14. Nc5 Nxc5 15.
bxc5 f6 16. O-O Nf5 17. Bf2 fxe5 18. fxe5 Bh6 19. Qd3 e6 20. Be2 Qe7 21. Bg4
Bg5 22. g3 h5 23. Bxf5 Rxf5 24. g4 hxg4 25. hxg4 Rf7 26. Bg3 Rxf1+ 27. Rxf1 Kg7
28. Kg2 Rf8 29. Rf3 1/2-1/2

[Event "XXXV Festival Conca della Presolana Magistrale"]
[Site "Castione della Presolana ITA"]
[Date "2015.08.23"]
[Round "2"]
[White "Ranfagni, Stefano"]
[Black "Sveshnikov, Vladimir"]
[WhiteElo "1970"]
[BlackElo "2352"]
[Result "0-1"]
[PlyCount "80"]
[EventDate "2015.08.22"]

1. e4 c6 2. c4 d5 3. exd5 cxd5 4. d4 Nf6 5. Nc3 g6 6. Nf3 Bg7 7. Be2 O-O 8. O-O
dxc4 9. Bxc4 a6 10. h3 b5 11. Bb3 Bb7 12. Be3 Nc6 13. Ne5 Na5 14. Bc2 Rc8 15.
Qd2 Nd5 16. Be4 Nxe3 17. Qxe3 Bxe4 18. Qxe4 e6 19. Rfd1 Nc4 20. b3 Nxe5 21.
dxe5 Qc7 22. Rac1 Qxe5 23. Qxe5 Bxe5 24. Ne4 Rfd8 25. Rxd8+ Rxd8 26. Kf1 Rd4
27. f3 Kg7 28. Ke2 Bf4 29. Rc2 h6 30. g3 Be5 31. Rc5 Rd5 32. g4 a5 33. a4 bxa4
34. bxa4 Bd4 35. Rxd5 exd5 36. Nd6 Kf6 37. Kd3 Bc5 38. Nb7 Bb6 39. f4 Ke6 40.
h4 Kd7 0-1

[Event "XXXV Festival Conca della Presolana Magistrale"]
[Site "Castione della Presolana ITA"]
[Date "2015.08.23"]
[Round "2"]
[White "Ricci, Marco"]
[Black "Bonato, Mariano"]
[WhiteElo "2040"]
[BlackElo "2177"]
[Result "0-1"]
[PlyCount "90"]
[EventDate "2015.08.22"]

1. e4 e5 2. Nf3 d5 3. exd5 Bd6 4. d4 e4 5. Ne5 Nf6 6. Bb5+ Nbd7 7. c4 O-O 8.
Nxd7 Bxd7 9. Bxd7 Qxd7 10. Nc3 Rae8 11. h3 a6 12. Be3 b5 13. c5 b4 14. cxd6
bxc3 15. bxc3 Qxd6 16. O-O Nxd5 17. Qd2 Qc6 18. Rfc1 Qc4 19. Rab1 Rb8 20. Rb2
Rb6 21. Qe2 Rc6 22. Qxc4 Rxc4 23. Rb3 a5 24. Bd2 a4 25. Rb7 f5 26. g3 Kf7 27.
Kf1 Ke6 28. Ke2 Ra8 29. Rb2 Ra6 30. Rbc2 Rb6 31. f3 a3 32. g4 g6 33. gxf5+ gxf5
34. fxe4 fxe4 35. Rg1 Rb2 36. Rgc1 Nb6 37. Rxb2 axb2 38. Rb1 Na4 39. Kd1 Rxc3
40. h4 Kd5 41. Ke1 Rh3 42. Kf2 Kxd4 43. Bg5 Kc3 44. Rd1 Rf3+ 45. Ke2 Rd3 0-1

[Event "XXXV Festival Conca della Presolana Magistrale"]
[Site "Castione della Presolana ITA"]
[Date "2015.08.23"]
[Round "2"]
[White "Sulava, Nenad"]
[Black "Motola, Jacopo"]
[WhiteElo "2442"]
[BlackElo "2061"]
[Result "0-1"]
[PlyCount "90"]
[EventDate "2015.08.22"]

1. Nf3 Nf6 2. c4 c6 3. Nc3 d5 4. cxd5 cxd5 5. d4 Nc6 6. Bf4 Bf5 7. e3 e6 8. Bb5
Bb4 9. Ne5 Qa5 10. O-O Bxc3 11. Bxc6+ bxc6 12. bxc3 Qa6 13. g4 Bg6 14. f3 Nd7
15. Nxd7 Kxd7 16. Qb3 Rhd8 17. Rf2 Bd3 18. Rb2 Ke8 19. a4 Rd7 20. Kf2 Qc8 21.
Qb4 a5 22. Qc5 Rb7 23. Rd2 Bc4 24. e4 Qd7 25. Re1 Rb3 26. Re3 Ra6 27. g5 Qe7
28. Qxe7+ Kxe7 29. Be5 f6 30. gxf6+ gxf6 31. Bg3 Ra3 32. Bh4 Kf7 33. e5 fxe5
34. dxe5 Rxa4 35. f4 Ra2 36. Rxa2 Bxa2 37. Bf6 Bb1 38. Re2 Bd3 39. Rb2 Bb5 40.
Ke3 a4 41. Rg2 a3 42. Rg7+ Kf8 43. f5 c5 44. Rb7 a2 45. Bg7+ Kg8 0-1

[Event "XXXV Festival Conca della Presolana Magistrale"]
[Site "Castione della Presolana ITA"]
[Date "2015.08.23"]
[Round "2"]
[White "Vuelban, Virgilio"]
[Black "Movsziszian, Karen"]
[WhiteElo "2349"]
[BlackElo "2457"]
[Result "0-1"]
[PlyCount "132"]
[EventDate "2015.08.22"]

1. e4 g6 2. d4 Bg7 3. Nc3 a6 4. f4 d6 5. Nf3 b5 6. Bd3 Nd7 7. e5 c5 8. Be4 Rb8
9. Be3 b4 10. Ne2 Qc7 11. O-O Nh6 12. Kh1 cxd4 13. exd6 Qxd6 14. Bxd4 Bxd4 15.
Qxd4 Qxd4 16. Nexd4 Nf6 17. Bc6+ Kf8 18. Rfe1 Nf5 19. a3 bxa3 20. b3 Kg7 21.
Rxa3 Nxd4 22. Nxd4 Rd8 23. c3 Bb7 24. Kg1 Rd6 25. Bxb7 Rxb7 26. Rea1 Ne4 27.
Rxa6 Rxa6 28. Rxa6 Nxc3 29. Rc6 Ne4 30. Rc1 Rb4 31. Rc4 Rb6 32. Rc6 Rb7 33. Rc1
h5 34. Re1 Nc5 35. Re3 e6 36. Rc3 Ne4 37. Rc4 Nd2 38. Rc2 Nxb3 39. Rb2 Nc5 40.
Rxb7 Nxb7 41. Kf2 Nd6 42. g3 Nf5 43. Nc6 f6 44. Nd8 e5 45. Kf3 Nd6 46. fxe5
fxe5 47. g4 Kf6 48. h4 Ke7 49. Nc6+ Ke6 50. Nb4 Nb5 51. gxh5 gxh5 52. Nc6 Nd6
53. Ke3 Kf5 54. Kf3 e4+ 55. Kg3 Ne8 56. Ne7+ Ke5 57. Ng6+ Kf6 58. Nf4 Ng7 59.
Ng2 Ke5 60. Kf2 Nf5 61. Ke2 Nd6 62. Kf2 Nf5 63. Ke2 Ne7 64. Kf2 Nd5 65. Ne1 Kf4
66. Ng2+ Kg4 0-1

[Event "XXXV Festival Conca della Presolana Magistrale"]
[Site "Castione della Presolana ITA"]
[Date "2015.08.24"]
[Round "3"]
[White "Bonato, Mariano"]
[Black "Orlov, Andrey"]
[WhiteElo "2177"]
[BlackElo "2489"]
[Result "0-1"]
[PlyCount "90"]
[EventDate "2015.08.22"]

1. e4 d6 2. d4 Nf6 3. Bd3 e5 4. c3 g6 5. f4 exd4 6. cxd4 c5 7. d5 Bg7 8. Nf3
O-O 9. O-O Re8 10. Nc3 c4 11. Bc2 Na6 12. h3 Nb4 13. Bb1 Nd7 14. a3 Nd3 15.
Bxd3 Qb6+ 16. Kh2 cxd3 17. Qxd3 Nc5 18. Qc2 Bxc3 19. Qxc3 Nxe4 20. Qd4 Qxd4 21.
Nxd4 Bd7 22. f5 Re5 23. fxg6 hxg6 24. Bf4 Rxd5 25. Rad1 Rc8 26. Nf3 Be6 27.
Rxd5 Bxd5 28. Rd1 Bc6 29. Be3 a6 30. Nd2 Re8 31. Nxe4 Rxe4 32. Re1 f5 33. Bd2
Rc4 34. Bc3 Be4 35. Rd1 d5 36. Rd4 Rc6 37. g3 g5 38. Rd2 Kf7 39. Kg1 f4 40.
gxf4 gxf4 41. Rh2 Kg6 42. h4 Kh5 43. Be5 Rc1+ 44. Kf2 Kg4 45. h5 Bd3 0-1

[Event "XXXV Festival Conca della Presolana Magistrale"]
[Site "Castione della Presolana ITA"]
[Date "2015.08.24"]
[Round "3"]
[White "Bonazzi, Edoardo"]
[Black "Ricci, Marco"]
[WhiteElo "2113"]
[BlackElo "2040"]
[Result "1/2-1/2"]
[PlyCount "40"]
[EventDate "2015.08.22"]

1. c4 e5 2. g3 Nf6 3. Bg2 d5 4. cxd5 Nxd5 5. Nc3 Nb6 6. Nf3 Nc6 7. O-O Be7 8.
a3 Be6 9. b4 O-O 10. Rb1 f6 11. d3 Nd4 12. Nd2 Nd5 13. Nxd5 Bxd5 14. Ne4 f5 15.
Nc3 Bxg2 16. Kxg2 Qd7 17. Bb2 Bf6 18. Kg1 Kh8 19. Re1 Rad8 20. Rc1 Rfe8 1/2-1/2

[Event "XXXV Festival Conca della Presolana Magistrale"]
[Site "Castione della Presolana ITA"]
[Date "2015.08.24"]
[Round "3"]
[White "Cebalo, Miso"]
[Black "Ranieri, Fabrizio"]
[WhiteElo "2397"]
[BlackElo "2256"]
[Result "1/2-1/2"]
[PlyCount "92"]
[EventDate "2015.08.22"]

1. d4 e6 2. c4 d5 3. Nf3 Nf6 4. Nc3 c6 5. Bg5 Nbd7 6. cxd5 exd5 7. e3 Be7 8.
Qc2 O-O 9. Bd3 Re8 10. O-O Nf8 11. h3 Bd6 12. Rfe1 Be6 13. e4 Be7 14. e5 N6d7
15. Be3 b6 16. Rad1 Qc8 17. Qe2 a5 18. a4 Nb8 19. Nh2 Bf5 20. Bxf5 Qxf5 21. g4
Qd7 22. f4 g6 23. f5 Na6 24. Qf3 Nb4 25. Rf1 Bd8 26. g5 gxf5 27. Qxf5 Qxf5 28.
Rxf5 Ne6 29. Ng4 Ra7 30. Rdf1 Rf8 31. R1f2 Rb7 32. h4 Nd3 33. Rd2 Nb4 34. Rf3
Kh8 35. Nh6 Rd7 36. Rdf2 Kg7 37. Nf5+ Kg8 38. Kg2 Bc7 39. Nh6+ Kg7 40. Nf5+ Kg8
41. Kh3 c5 42. Nb5 Bb8 43. Bd2 Nc6 44. Nh6+ Kg7 45. Nf5+ Kg8 46. Nh6+ Kg7
1/2-1/2

[Event "XXXV Festival Conca della Presolana Magistrale"]
[Site "Castione della Presolana ITA"]
[Date "2015.08.24"]
[Round "3"]
[White "Coppola, Federico"]
[Black "Cattaneo, Marco"]
[WhiteElo "2092"]
[BlackElo "2175"]
[Result "1-0"]
[PlyCount "101"]
[EventDate "2015.08.22"]

1. Nf3 d5 2. g3 Bg4 3. Bg2 Nd7 4. c4 c6 5. O-O Ngf6 6. cxd5 cxd5 7. Nc3 e6 8.
d3 Be7 9. e4 d4 10. Ne2 e5 11. Nh4 Nb8 12. Nf5 O-O 13. f4 Nc6 14. h3 Bxe2 15.
Qxe2 Nd7 16. Qg4 Bf6 17. h4 Kh8 18. Bd2 a5 19. Qe2 Qb6 20. Bh3 Nc5 21. g4 exf4
22. Bxf4 Be5 23. Rad1 Rad8 24. Bc1 Qb5 25. a3 Rde8 26. Kg2 Qb6 27. g5 Nb3 28.
Rf2 Nxc1 29. Rxc1 Qd8 30. Rcf1 Qc7 31. Bg4 Nd8 32. Qd2 Ne6 33. Bd1 b5 34. Bb3
Nc5 35. Bd5 b4 36. axb4 axb4 37. Rc1 Qb6 38. b3 Ne6 39. Rc4 Rb8 40. Rc1 Qd8 41.
Rcf1 Nc7 42. Bc4 Qd7 43. Qe2 f6 44. Qg4 fxg5 45. hxg5 Rb6 46. Nh6 Qxg4+ 47.
Nxg4 Rxf2+ 48. Rxf2 Bd6 49. Rf7 Ne8 50. e5 Bc5 51. Nf2 1-0

[Event "XXXV Festival Conca della Presolana Magistrale"]
[Site "Castione della Presolana ITA"]
[Date "2015.08.24"]
[Round "3"]
[White "Cugini, Verter"]
[Black "Vuelban, Virgilio"]
[WhiteElo "2089"]
[BlackElo "2349"]
[Result "1/2-1/2"]
[PlyCount "156"]
[EventDate "2015.08.22"]

1. e4 c5 2. g3 Nc6 3. Bg2 g6 4. Ne2 Bg7 5. O-O d6 6. Nbc3 Nf6 7. d3 O-O 8. h3
Nd7 9. Be3 Nd4 10. Bxd4 cxd4 11. Nd5 e6 12. Ndf4 Qb6 13. Rb1 Nf6 14. h4 e5 15.
Nd5 Nxd5 16. exd5 f5 17. c3 f4 18. gxf4 exf4 19. Nxd4 Bxd4 20. cxd4 f3 21. Bxf3
Qxd4 22. Bg2 Bg4 23. Qd2 Bf3 24. Qe3 Qxd5 25. Bxf3 Rxf3 26. Qe4 Rxd3 27. Qxd5+
Rxd5 28. Rbc1 Rf8 29. Rc7 Rf7 30. Rfc1 Rdf5 31. Rxf7 Rxf7 32. Rc8+ Kg7 33. Rd8
Kf6 34. Rxd6+ Ke5 35. Rd8 Kf4 36. Kg2 a6 37. Rd4+ Ke5 38. Rd8 Rc7 39. Kg3 b5
40. Rd3 Rc2 41. Rb3 Rc4 42. Re3+ Kf6 43. Re2 Kf5 44. f3 a5 45. b3 Rc3 46. Re7
b4 47. Ra7 Rc5 48. Ra8 Ke5 49. Ra7 Kf5 50. Rd7 h6 51. Rd2 Ke5 52. Kg4 Rc1 53.
Re2+ Kf6 54. f4 Rg1+ 55. Kf3 Rf1+ 56. Kg3 Ra1 57. Kf3 h5 58. Kg3 Rg1+ 59. Kf3
Rf1+ 60. Kg3 Rc1 61. Kf3 Rc3+ 62. Ke4 Rh3 63. Rc2 Rxh4 64. Rc6+ Kg7 65. Rc5 a4
66. bxa4 Rh2 67. Rb5 Rxa2 68. Rxb4 Ra3 69. f5 g5 70. Rb7+ Kf8 71. f6 g4 72. Kf5
g3 73. Kg6 Re3 74. Rh7 Ke8 75. Rh8+ Kd7 76. Rxh5 Ke6 77. Rb5 Rf3 78. Rb6+ Ke5
1/2-1/2

[Event "XXXV Festival Conca della Presolana Magistrale"]
[Site "Castione della Presolana ITA"]
[Date "2015.08.24"]
[Round "3"]
[White "Ferretti, Folco"]
[Black "Gennari, Jacopo"]
[WhiteElo "2211"]
[BlackElo "2125"]
[Result "1-0"]
[PlyCount "49"]
[EventDate "2015.08.22"]

1. e4 d5 2. exd5 Nf6 3. d4 Nxd5 4. Nf3 Bg4 5. Be2 e6 6. c4 Nb6 7. Nc3 Be7 8.
Be3 c6 9. Qb3 N8d7 10. c5 Nd5 11. Qxb7 Rb8 12. Qxc6 Nb4 13. Qa4 Bxf3 14. gxf3
O-O 15. O-O f5 16. Bb5 f4 17. Bxd7 fxe3 18. Bxe6+ Kh8 19. fxe3 Bh4 20. Ne4 Re8
21. Qd7 Qa5 22. Nd6 Re7 23. Nf7+ Kg8 24. Ng5+ Rxe6 25. Qxe6+ 1-0

[Event "XXXV Festival Conca della Presolana Magistrale"]
[Site "Castione della Presolana ITA"]
[Date "2015.08.24"]
[Round "3"]
[White "Franciosi, Fausto"]
[Black "Sulava, Nenad"]
[WhiteElo "2139"]
[BlackElo "2442"]
[Result "1/2-1/2"]
[PlyCount "57"]
[EventDate "2015.08.22"]

1. Nf3 c5 2. g3 g6 3. Bg2 Bg7 4. O-O Nc6 5. d3 d6 6. e4 e5 7. c3 Nge7 8. a3 O-O
9. b4 h6 10. Nbd2 Be6 11. Nb3 b6 12. b5 Nb8 13. Nbd2 Nd7 14. Bb2 f5 15. exf5
gxf5 16. Nh4 Rc8 17. c4 Qe8 18. f4 Ng6 19. Nxg6 Qxg6 20. Qc2 exf4 21. gxf4 Kh7
22. Nf3 Bxb2 23. Qxb2 Rf6 24. Kh1 Rg8 25. Rg1 Qh5 26. Rae1 Rfg6 27. Qe2 Qg4 28.
Qe3 Qh5 29. Qe2 1/2-1/2

[Event "XXXV Festival Conca della Presolana Magistrale"]
[Site "Castione della Presolana ITA"]
[Date "2015.08.24"]
[Round "3"]
[White "Hunt, Adam C."]
[Black "Madiai, Federico"]
[WhiteElo "2427"]
[BlackElo "2227"]
[Result "1-0"]
[PlyCount "55"]
[EventDate "2015.08.22"]

1. e4 c5 2. Nf3 Nc6 3. d4 cxd4 4. Nxd4 Nf6 5. Nc3 d6 6. Bg5 Qb6 7. Nb3 e6 8. a4
Be7 9. a5 Qc7 10. Be2 O-O 11. O-O Bd7 12. f4 Rad8 13. Bf3 Nb4 14. Qe2 Bc6 15.
Nd4 d5 16. e5 Bc5 17. Rfd1 h6 18. Bh4 g5 19. Bf2 Nd7 20. Be3 gxf4 21. Bxf4 f6
22. Kh1 Rfe8 23. Bh5 Nxe5 24. Bxe8 Rxe8 25. Ncb5 Qd7 26. Ra3 Re7 27. Rg3+ Kh7
28. Qh5 1-0

[Event "XXXV Festival Conca della Presolana Magistrale"]
[Site "Castione della Presolana ITA"]
[Date "2015.08.24"]
[Round "3"]
[White "Lain, Luigi"]
[Black "Ranfagni, Stefano"]
[WhiteElo "2143"]
[BlackElo "1970"]
[Result "1-0"]
[PlyCount "81"]
[EventDate "2015.08.22"]

1. d4 e6 2. c4 f5 3. g3 Nf6 4. Bg2 c6 5. Nf3 d5 6. O-O Bd6 7. b3 Qe7 8. Bb2 O-O
9. Qc1 a5 10. Ba3 Nbd7 11. Bxd6 Qxd6 12. Qa3 Qxa3 13. Nxa3 b6 14. Rfc1 Ba6 15.
cxd5 cxd5 16. Rc6 Bxe2 17. Rxe6 Rfe8 18. Rc6 Rac8 19. Rac1 Rxc6 20. Rxc6 Bd3
21. Bf1 Be2 22. Ng5 h6 23. Ne6 Bxf1 24. Kxf1 Kf7 25. Nf4 g5 26. Nd3 Re6 27. Rc7
Ke8 28. Rc8+ Kf7 29. Nc2 Ne4 30. Ne3 Kg6 31. Rg8+ Kf7 32. Rb8 Ke7 33. Rh8 Kf7
34. Rh7+ Ke8 35. Nxf5 Rf6 36. Nxh6 Nf8 37. Rh8 Nd2+ 38. Ke2 Nf3 39. Ke3 Nxh2
40. Ne5 Ke7 41. Ng8+ 1-0

[Event "XXXV Festival Conca della Presolana Magistrale"]
[Site "Castione della Presolana ITA"]
[Date "2015.08.24"]
[Round "3"]
[White "Motola, Jacopo"]
[Black "Janev, Evgeni"]
[WhiteElo "2061"]
[BlackElo "2409"]
[Result "1/2-1/2"]
[PlyCount "95"]
[EventDate "2015.08.22"]

1. e4 Nf6 2. Nc3 e5 3. Nf3 d6 4. Bc4 Be7 5. d4 Nbd7 6. O-O O-O 7. Re1 exd4 8.
Nxd4 Nb6 9. Be2 c6 10. Bf4 Re8 11. Qd3 Bf8 12. Rad1 Nbd7 13. Qg3 Nxe4 14. Nxe4
Rxe4 15. Bxd6 Qf6 16. Bxf8 Nxf8 17. c3 c5 18. Nb3 Qe7 19. Qd6 Qxd6 20. Rxd6 b6
21. Rd8 Bb7 22. Rxa8 Bxa8 23. f3 Re7 24. Kf2 Bd5 25. Nd2 Ne6 26. Bc4 Rd7 27. g3
Kf8 28. Bxd5 Rxd5 29. Ke3 Ke7 30. f4 g6 31. Nf3 f6 32. b3 c4 33. bxc4 Ra5 34.
Nd4 Nd8 35. Kd3+ Kd7 36. Re2 Nb7 37. Nb3 Rh5 38. Kd4 Nc5 39. Nxc5+ Rxc5 40. Rb2
Ra5 41. g4 h5 42. h3 hxg4 43. hxg4 Ke6 44. Re2+ Kf7 45. Rh2 Kg7 46. Rb2 Kf7 47.
Rh2 Kg7 48. Rb2 1/2-1/2

[Event "XXXV Festival Conca della Presolana Magistrale"]
[Site "Castione della Presolana ITA"]
[Date "2015.08.24"]
[Round "3"]
[White "Movsziszian, Karen"]
[Black "Bargeri, Ludovico"]
[WhiteElo "2457"]
[BlackElo "2092"]
[Result "1-0"]
[PlyCount "101"]
[EventDate "2015.08.22"]

1. g3 Nf6 2. Bg2 e5 3. d3 d5 4. Nf3 Bd6 5. O-O O-O 6. Nc3 c6 7. e4 dxe4 8. dxe4
Bg4 9. h3 Bxf3 10. Qxf3 Nbd7 11. Rd1 Qe7 12. h4 Nc5 13. Bg5 Rfd8 14. Bxf6 Qxf6
15. Qxf6 gxf6 16. Kf1 b5 17. Rd2 Ne6 18. Rad1 Bc7 19. Rxd8+ Rxd8 20. Rxd8+ Bxd8
21. Nd1 Bb6 22. c3 Kf8 23. Ke2 Ke7 24. Bh3 Nc5 25. Bf5 h6 26. b3 Ne6 27. Nb2
Nc5 28. b4 Na4 29. Nd1 a5 30. a3 axb4 31. axb4 c5 32. bxc5 Bxc5 33. Kd3 Nb6 34.
Bg4 Nc4 35. Bh3 Kd8 36. Bf1 Ke7 37. Bh3 Kd8 38. Ke2 Ke7 39. Bf5 Kd8 40. Bh3 Ke7
41. Bf1 Kf8 42. Ke1 Nd6 43. Bd3 Ke7 44. Ke2 Kf8 45. Bb1 Nc4 46. Ba2 Nd6 47. Kd3
Ke7 48. g4 Kd7 49. f3 Kc6 50. Bd5+ Kb6 51. Ne3 1-0

[Event "XXXV Festival Conca della Presolana Magistrale"]
[Site "Castione della Presolana ITA"]
[Date "2015.08.24"]
[Round "3"]
[White "Negro, Roberto"]
[Black "Gentili, Gianguido"]
[WhiteElo "2169"]
[BlackElo "2074"]
[Result "1-0"]
[PlyCount "153"]
[EventDate "2015.08.22"]

1. c4 e5 2. g3 Bc5 3. Bg2 Nc6 4. Nc3 a6 5. e3 d6 6. Nge2 Nf6 7. h3 O-O 8. O-O
Bf5 9. d3 Rb8 10. b3 Qd7 11. Kh2 b5 12. Nd5 Nxd5 13. cxd5 Ne7 14. d4 Ba7 15.
dxe5 dxe5 16. e4 Bg6 17. Bb2 Qd6 18. f4 f6 19. fxe5 fxe5 20. Qd2 Bf7 21. Qg5
Ng6 22. Rac1 h6 23. Qd2 Rbd8 24. Qc3 Bb6 25. h4 Rfe8 26. Qf3 Qe7 27. Ba3 Qxa3
28. Qxf7+ Kh7 29. h5 Nh8 30. Qf5+ Kg8 31. Ng1 Qe7 32. Bh3 Rd6 33. Qf3 Rf6 34.
Qc3 Nf7 35. Rxf6 gxf6 36. Be6 Kh8 37. Nh3 Nd6 38. Qf3 Rf8 39. g4 Qh7 40. Re1 b4
41. Qd3 Nb5 42. Bf5 Qe7 43. Bg6 Qc5 44. Re2 Nd4 45. Rg2 Qc3 46. Rg3 Nb5 47. Qf1
Qc5 48. Ng1 Nc3 49. Rg2 Qe3 50. Qf3 Qf4+ 51. Qxf4 exf4 52. Nf3 Nd1 53. Re2 Ne3
54. Kh3 Rd8 55. Nh4 Kg7 56. Bf5 a5 57. Be6 Bd4 58. Rd2 Be5 59. Rf2 Nd1 60. Rf3
Nc3 61. Bf5 Nxa2 62. Bg6 Rb8 63. Nf5+ Kh8 64. Nxh6 a4 65. g5 Nc3 66. bxa4 b3
67. Nf7+ Kg7 68. Nxe5 fxe5 69. Rxc3 Rb7 70. Rc1 b2 71. Rb1 Rb3+ 72. Kg2 Rg3+
73. Kh2 Rb3 74. a5 Ra3 75. Rxb2 Rxa5 76. Rc2 Ra7 77. Bf5 1-0

[Event "XXXV Festival Conca della Presolana Magistrale"]
[Site "Castione della Presolana ITA"]
[Date "2015.08.24"]
[Round "3"]
[White "Ottavi, Marco"]
[Black "Cocconcelli, Lorenzo"]
[WhiteElo "1991"]
[BlackElo "2139"]
[Result "0-1"]
[PlyCount "66"]
[EventDate "2015.08.22"]

1. e4 e6 2. d4 d5 3. Nd2 Nf6 4. e5 Nfd7 5. Bd3 c5 6. c3 Nc6 7. Ne2 cxd4 8. cxd4
f6 9. exf6 Nxf6 10. O-O Bd6 11. Nf3 Qc7 12. Bg5 O-O 13. Rc1 Bd7 14. Bh4 Nh5 15.
Qc2 h6 16. Bg6 Rxf3 17. gxf3 Bxh2+ 18. Kg2 Nf4+ 19. Kxh2 Nxe2+ 20. Bg3 Nxg3 21.
fxg3 Qb6 22. Qd2 Nxd4 23. Kg2 e5 24. Bb1 Rf8 25. Rf2 Bc6 26. Re1 Qc7 27. Qd3
Nf5 28. g4 e4 29. fxe4 Nh4+ 30. Kg1 Rxf2 31. Kxf2 Qh2+ 32. Ke3 Ng2+ 33. Kf2
Nf4+ 0-1

[Event "XXXV Festival Conca della Presolana Magistrale"]
[Site "Castione della Presolana ITA"]
[Date "2015.08.24"]
[Round "3"]
[White "Qendro, Llambi"]
[Black "Aghayev, Miragha"]
[WhiteElo "2338"]
[BlackElo "2354"]
[Result "1/2-1/2"]
[PlyCount "26"]
[EventDate "2015.08.22"]

1. d4 d5 2. c4 c6 3. cxd5 cxd5 4. Nf3 Nf6 5. Nc3 Nc6 6. Bf4 Bf5 7. e3 e6 8. Bd3
Bxd3 9. Qxd3 Bd6 10. Bxd6 Qxd6 11. O-O O-O 12. Rfc1 Rfc8 13. h3 h6 1/2-1/2

[Event "XXXV Festival Conca della Presolana Magistrale"]
[Site "Castione della Presolana ITA"]
[Date "2015.08.24"]
[Round "3"]
[White "Sveshnikov, Vladimir"]
[Black "Giretti Kanev, Jasen"]
[WhiteElo "2352"]
[BlackElo "2211"]
[Result "1-0"]
[PlyCount "50"]
[EventDate "2015.08.22"]

1. e4 e6 2. d4 d5 3. Nd2 dxe4 4. Nxe4 Nf6 5. Nxf6+ gxf6 6. Nf3 b6 7. Bb5+ c6 8.
Bc4 Ba6 9. Bxa6 Nxa6 10. O-O Qd7 11. c4 Rd8 12. Qe2 Bg7 13. Be3 O-O 14. Rad1
Nc7 15. Rfe1 Qe7 16. Bf4 Rfe8 17. h3 Rd7 18. Qe4 b5 19. b3 bxc4 20. bxc4 c5 21.
dxc5 Qxc5 22. Rxd7 e5 23. Be3 Qa5 24. Qc6 Ne6 25. Rd5 Qc7 1-0

[Event "XXXV Festival Conca della Presolana Magistrale"]
[Site "Castione della Presolana ITA"]
[Date "2015.08.24"]
[Round "3"]
[White "Ventura, Salvatore"]
[Black "Brociner, Beniamino"]
[WhiteElo "2083"]
[BlackElo "2167"]
[Result "1/2-1/2"]
[PlyCount "105"]
[EventDate "2015.08.22"]

1. c4 Nf6 2. g3 e5 3. Bg2 d6 4. Nc3 Be7 5. e4 c6 6. Nge2 a6 7. a4 a5 8. d4 O-O
9. O-O exd4 10. Nxd4 Re8 11. h3 Bf8 12. Be3 Na6 13. Qc2 Nb4 14. Qb3 Nd7 15. Nc2
Na6 16. Nd4 Ndc5 17. Qd1 Qb6 18. Qe2 Bd7 19. f4 Nc7 20. g4 Qb4 21. Bd2 Qb6 22.
Be3 Rad8 23. Kh1 Qa6 24. f5 d5 25. exd5 Nxd5 26. Nxd5 cxd5 27. Bxd5 Bxa4 28.
Qf3 Bc6 29. b4 Bxd5 30. cxd5 Qd3 31. Ne6 fxe6 32. Bxc5 Qxf3+ 33. Rxf3 exd5 34.
Bxf8 Kxf8 35. bxa5 Re2 36. Kg1 Kf7 37. Rf2 Re3 38. Rb1 Rd7 39. Rfb2 Ree7 40.
Kf2 Kf6 41. h4 d4 42. Rb6+ Ke5 43. Kf3 d3 44. Ke3 Rd5 45. R1b4 Rdd7 46. R4b5+
Rd5 47. Rxd5+ Kxd5+ 48. Kxd3 Ke5 49. Re6+ Rxe6 50. fxe6 Kxe6 51. Kc4 Kd6 52.
Kb5 Kd7 53. Kb6 1/2-1/2

[Event "XXXV Festival Conca della Presolana Magistrale"]
[Site "Castione della Presolana ITA"]
[Date "2015.08.25"]
[Round "4"]
[White "Bonato, Mariano"]
[Black "Cugini, Verter"]
[WhiteElo "2177"]
[BlackElo "2089"]
[Result "1-0"]
[PlyCount "63"]
[EventDate "2015.08.22"]

1. e4 e6 2. d4 d5 3. Nd2 Nf6 4. e5 Ne4 5. Nxe4 dxe4 6. Be3 c5 7. dxc5 Nd7 8.
Qg4 Nxc5 9. Rd1 Qa5+ 10. c3 Nd3+ 11. Bxd3 exd3 12. Rxd3 Qxa2 13. Bg5 Bd7 14.
Qd1 Qa4 15. b3 Qc6 16. Nf3 Bc5 17. O-O h6 18. Bf4 O-O-O 19. Qd2 Qc7 20. Nd4
Bxd4 21. Rxd4 Bc6 22. Rd6 Rd7 23. c4 Rhd8 24. Rd1 Qb6 25. b4 Kb8 26. Be3 Rxd6
27. exd6 Qa6 28. b5 Bxb5 29. cxb5 Qxb5 30. d7 e5 31. Qd6+ Ka8 32. Qf8 1-0

[Event "XXXV Festival Conca della Presolana Magistrale"]
[Site "Castione della Presolana ITA"]
[Date "2015.08.25"]
[Round "4"]
[White "Brociner, Beniamino"]
[Black "Sulava, Nenad"]
[WhiteElo "2167"]
[BlackElo "2442"]
[Result "0-1"]
[PlyCount "80"]
[EventDate "2015.08.22"]

1. e4 c5 2. Nf3 b6 3. d4 cxd4 4. Nxd4 Bb7 5. Nc3 a6 6. Bg5 d6 7. f4 Nd7 8. Qf3
Ngf6 9. O-O-O e6 10. Bd3 Be7 11. Rhe1 Rc8 12. Qg3 Rxc3 13. bxc3 Qc7 14. Kd2 h6
15. Bh4 Rg8 16. Bxf6 Bxf6 17. h4 Ke7 18. Qf2 Rc8 19. Ne2 Nc5 20. Ke3 b5 21. Kf3
g5 22. hxg5 hxg5 23. g3 g4+ 24. Kg2 Nxe4 25. Bxe4 Bxe4+ 26. Kf1 Rh8 27. Ng1
Qc4+ 28. Qe2 Bxc2 29. Qxc4 bxc4 30. Rc1 Rh2 31. Re3 Bd3+ 32. Ne2 d5 33. Ke1 Rg2
34. Nd4 Kd6 35. a4 Kc5 36. Nxe6+ fxe6 37. Rxe6 Rg1+ 38. Kd2 Rxc1 39. Kxc1 Bxc3
40. Rxa6 Be1 0-1